00281pab a2200121 454500008004000000100001900040245004000059260000900099300001300108362000800121650001400129773001600143180718b2014 xxu||||| |||| 00| 0 eng d aGanguli, Barna aCleaning river Ganga-a new approach c2014 ap.34-37. aDec aPollution aKurukshetra